[Event "American Continental 17th"]
[Site "Juan Dolio"]
[Date "2023.05.20"]
[Round "8"]
[White "Zapata, Alonso"]
[Black "Martinez Duany, Lelys Stanley"]
[Result "1-0"]
[WhiteElo "2322"]
[BlackElo "2521"]
[PlyCount "115"]
[EventDate "2023.05.15"]
[EventType "swiss"]
[EventRounds "11"]
[EventCountry "DOM"]
[SourceTitle "CBM 214 Extra"]
[Source "ChessBase"]
[SourceDate "2023.07.31"]
[SourceVersion "1"]
[SourceVersionDate "2023.07.31"]
[SourceQuality "1"]

1. e4 e5 2. Nf3 Nc6 3. Bb5 a6 4. Ba4 Nf6 5. 0-0 Be7 6. Re1 b5 7. Bb3 d6 8. c3 0-0 9. a4 Bg4 10. d3 b4 11. a5 Rb8 12. Bc4 bxc3 13. bxc3 Nxa5 14. Rxa5 Rxb1 15. Qe2 Nd7 16. Ba2 Rb6 17. Be3 c5 18. Ra1 Qb8 19. h3 Bd8 20. Bc1 Bh5 21. g4 Bg6 22. Bc4 Rb1 23. Rxa6 Rxa1 24. Rxa1 Nb6 25. Rb1 Qa8 26. Bb5 c4 27. Nd2 d5 28. dxc4 dxe4 29. Nb3 e3 30. Ra1 exf2+ 31. Qxf2 Qb8 32. Ba3 Nd5 33. cxd5 Qxb5 34. Bxf8 Qxb3 35. Bb4 Qxd5 36. Qc5 Qxc5+ 37. Bxc5 Be4 38. Re1 Bc6 39. Rxe5 h6 40. Bd4 Kh7 41. Rc5 Bb7 42. Rb5 Bc6 43. Rb8 Bg5 44. c4 Bf4 45. Rb6 Bd7 46. c5 h5 47. Rb7 Be6 48. gxh5 Kh6 49. Kf2 Kxh5 50. Bxg7 Kg6 51. Bd4 Kf5 52. Be3 Be5 53. Rb4 Bd5 54. h4 Bf6 55. h5 Bc3 56. Rf4+ Ke6 57. h6 f5 58. Bd4 1-0

[Event "Charlotte op"]
[Site "Charlotte"]
[Date "2023.01.15"]
[Round "4"]
[White "Zapata, Alonso"]
[Black "Yan, Benjamin"]
[Result "1/2-1/2"]
[WhiteElo "2339"]
[BlackElo "1957"]
[PlyCount "116"]
[EventDate "2023.01.14"]
[EventType "swiss"]
[EventRounds "6"]
[EventCountry "USA"]
[SourceTitle "CBM 212 Extra"]
[Source "ChessBase"]
[SourceDate "2023.03.31"]
[SourceVersion "1"]
[SourceVersionDate "2023.03.31"]
[SourceQuality "1"]

1. e4 e5 2. Nf3 Nc6 3. Bb5 Nf6 4. 0-0 Nxe4 5. d4 Nd6 6. Bxc6 dxc6 7. dxe5 Nf5 8. Qxd8+ Kxd8 9. Nc3 Ke8 10. h3 h5 11. Ne4 Be7 12. Bg5 Be6 13. Rfe1 h4 14. a4 Rd8 15. a5 Nd4 16. Nxd4 Rxd4 17. Bxe7 Kxe7 18. c3 Rd5 19. Ng5 Rd2 20. b4 Rh5 21. Nf3 Rc2 22. Re3 Bd5 23. Ne1 Rd2 24. Rc1 Rh8 25. c4 Be6 26. Nf3 Rb2 27. b5 cxb5 28. cxb5 Rd8 29. Rxc7+ Rd7 30. Rec3 Rxb5 31. a6 Rxc7 32. Rxc7+ Kd8 33. Rxb7 Rxb7 34. axb7 Kc7 35. Kf1 a5 36. Ke2 a4 37. Kd3 a3 38. Kc3 Kxb7 39. Nxh4 Kc6 40. f4 Kd5 41. g4 Ke4 42. f5 Bd5 43. e6 fxe6 44. fxe6 Bxe6 45. Ng6 Kf3 46. Nf8 Bf7 47. Nd7 Kg3 48. Ne5 Bg8 49. g5 Kxh3 50. g6 Kh4 51. Nf7 Kh5 52. Nd6 Kxg6 53. Ne8 Bf7 54. Nxg7 Kxg7 55. Kc2 Ba2 56. Kc3 Bc4 57. Kc2 Kf6 58. Kb1 Ke5 1/2-1/2

[Event "US Masters op"]
[Site "Charlotte"]
[Date "2022.11.25"]
[Round "4"]
[White "Liang, Awonder"]
[Black "Zapata, Alonso"]
[Result "1-0"]
[WhiteElo "2630"]
[BlackElo "2336"]
[PlyCount "65"]
[EventDate "2022.11.23"]
[EventType "swiss"]
[EventRounds "9"]
[EventCountry "USA"]
[SourceTitle "CBM 211 Extra"]
[Source "ChessBase"]
[SourceDate "2023.01.31"]
[SourceVersion "1"]
[SourceVersionDate "2023.01.31"]
[SourceQuality "1"]

1. e4 c5 2. Nf3 e6 3. d4 cxd4 4. Nxd4 Nc6 5. Nc3 Qc7 6. Be2 a6 7. Nxc6 dxc6 8. 0-0 e5 9. Qd3 Nf6 10. f4 Bd6 11. Qg3 0-0 12. f5 Rd8 13. a4 b6 14. Qf3 Bc5+ 15. Kh1 Bb4 16. Bg5 Bb7 17. Bxf6 gxf6 18. Nd1 Kh8 19. Ne3 b5 20. Qh5 Bd2 21. Ng4 Qe7 22. Rad1 Rd6 23. Bd3 Ba5 24. Nh6 Rd7 25. Be2 Bd2 26. Rf3 Bf4 27. Rxd7 Qxd7 28. Rd3 Qe7 29. Ng4 Rg8 30. Rd7 Qb4 31. c3 Qxe4 32. Qxf7 Qb1+ 33. Bd1 1-0